00369nam a2200145Ia 4500008004100000020001800041041000800059082001600067100002200083245004600105250000600151260003000157300001400187650002200201210716s2005 xx 000 0 und d a9780314161949 aeng a374.22 EPSD aEpstein, David G. aBankruptcy and related law in a nutshell. a7 aU S AbThomson westc2005 axxxiv,474 aGeneral Knowledge